000 01809cam a22004334i 4500
003 PE-LiUPU
005 20250731184117.0
008 150706s2012 pe r 000 0 spa d
020 _a6124070790
020 _a9786124070792
035 _a(Sirsi) i9786124070792
040 _aPE-LiUPU
_bspa
_cPE-LiUPU
_dPE-LiUPU
_erda
049 _aPRUA
082 0 4 _a869.57
_bT62
_221
100 1 _aTitinger, Daniel,
_eautor.
245 1 0 _aCholos contra el mundo /
_cDaniel Titinger; Prólogo de Sergio Vilela.
264 1 _aLima :
_bPlaneta,
_c2012.
300 _a190 páginas ;
_c22 centimetros
336 _atext
_2rdacontent
337 _aunmediated
_2rdamedia
338 _avolume
_2rdacarrier
505 0 _a¿En qué está pensando este hombre? -- Historia de un camellicidio -- Campeona de autoayuda -- Ayuda al Huáscar -- Batalla en el fin del mundo -- Leyenda de un maldito -- Parábola del niño predicador -- Gracias contra el mundo.
526 _aP145
526 _aP127
526 _aP97
526 _aP14
526 _aP07
541 _g2-4138;
650 0 4 _aEnsayos peruanos
_ySiglo XXI.
650 0 4 _aCrónicas periodísticas
_zPerú.
650 0 4 _aEscritores peruanos (Titinger).
700 1 _aVilela, Sergio,
_eprólogo.
910 _agl
_bjv
_cng
_d20120822
942 _2ddc
_cBOOK
949 _a869.57 T62
_wDEWEY
_c1
_i65329
_lCCODEBUL1
_mBUL
_p12.00
_r0
_sY
_tBOOK
_u2015-7-6
_xFCE
_PP04
_o.STAFF. Colección Ciencias Empresariales
994 _aC0
_bPEPRU
596 _a1
999 _a869.57 T62
_wDEWEY
_c53897
_i65329
_d53897
_e2017-9-1
_f2021-11-8
_g6
_lCCODEBUL1
_mBUL
_n8
_p12.00
_q2
_r0
_sY
_tBOOK
_u2015-7-6
_xFCE
_zP04
_0COMPRA
_o.STAFF. Colección Ciencias Empresariales
980 _81
_gALBERTO SANCHEZ Responsable de Automatización